| 000 | 00731nam a22002177a 4500 | ||
|---|---|---|---|
| 005 | 20170124110229.0 | ||
| 010 | _aA-948510 | ||
| 020 | _c225.00 | ||
| 035 | _aA-948510 | ||
| 037 | _bCen Lib/Ret | ||
| 040 |
_aDPL _bEN |
||
| 082 |
_a000 _bPRA |
||
| 100 |
_aPrashant Kumar _96967 |
||
| 245 |
_aBookhive's a complete comprehensive courseware for NIFT/NID admission test : _cby Prashant Kumar _bprofessional coverage on creative ability / |
||
| 260 |
_aGurgaon _bCosmos Bookhive _c1999 |
||
| 270 |
_a831, Phase-V, Udyog Vihar _bHaryana |
||
| 300 |
_avarious pagings. : _c24cm(Hb) _bill. |
||
| 650 |
_aQuantitative ability -- NIFT/NID _941140 |
||
| 650 |
_aGeneral awareness _922999 |
||
| 942 |
_2ddc _cEN _h000 _mPRA |
||
| 999 |
_c134576 _d134576 |
||